| 000 | 01290nam a2200229 i 4500 | ||
|---|---|---|---|
| 001 | 36509 | ||
| 003 | ES-MaACL | ||
| 005 | 20251005063036.0 | ||
| 007 | t| | ||
| 008 | 030218m18581891fr ||||1| fre d | ||
| 100 | 1 |
_aBrantôme, Pierre de Bourdeille, _cseigneur de _931369 |
|
| 245 | 1 | 0 |
_aOeuvres complètes / _cde abbe et seigneur de Branthôme, publies pour la première fois selon le plan de l'auteur augmentés de nombreuses variantes et de fragments inedits, mivres des oeuvres d'Cundre de Bourdeilles et d'une table generale ; avec une introduction et des notes par Prosper Mèrimée et Louis Lacour. |
| 260 |
_aParís : _bP. Jannet, _c1858-91. |
||
| 300 |
_a11 v. ; _c17 cm. |
||
| 490 | 1 | _aBibliothèque elzévirienne | |
| 505 | 8 | _aT.I. 1858 (384 p.) -- T.II. 1858(295 p. ) -- T. III. 1859 (351 p.) -- T. IV. 1870 (368 p.) -- T. V. 1871 (319 p.) -- T. VI. 1878 (312 p.) -- T. VII. 1878 (388 p.) -- T. VIII. 1891 (308 p.) -- T. IX. 1893 (324 p.) -- T.X. 1890 (376 p. ) -- T.XI. 1891 (359 p. ) | |
| 700 | 1 |
_aMérimée, Prosper ( _d1803-1870) _980507 |
|
| 700 | 1 |
_aLa Pijardière, Louis Lacour de, _d1832-1892 _969399 |
|
| 830 | 0 |
_aBibliothèque elzévirienne _9180979 |
|
| 852 |
_aES-MaACL _jG-2262-72 _z.- Enc. tela roja con hierros, original |
||
| 999 |
_c36509 _d36509 |
||